[Event "Leipzig VfB op 22nd"]
[Site "Leipzig"]
[Date "2015.03.07"]
[Round "7"]
[White "Huelle, Gunter"]
[Black "Nuelken, Michael"]
[Result "1/2-1/2"]
[WhiteElo "1754"]
[BlackElo "1543"]
[PlyCount "60"]
[EventDate "2015.03.03"]
[EventType "swiss"]
[EventRounds "9"]
[EventCountry "GER"]
[SourceTitle "EXT 2016"]
[Source "ChessBase"]
[SourceDate "2015.10.08"]
[SourceVersion "1"]
[SourceVersionDate "2015.10.08"]
[SourceQuality "1"]

1. b4 d5 2. Bb2 Nf6 3. e3 e6 4. a3 a6 5. c4 dxc4 6. Bxc4 b5 7. Be2 Be7 8. Bf3 c6 9. Qc2 Bd7 10. Ne2 a5 11. Nd4 Ra7 12. bxa5 c5 13. Nb3 c4 14. Nc1 Rxa5 15. 0-0 0-0 16. Bc3 Ra6 17. Qb2 Ne8 18. e4 f6 19. Na2 e5 20. Bb4 Nc6 21. Bxe7 Nxe7 22. Nbc3 Nc7 23. Nb4 Ra8 24. Nbd5 Nexd5 25. exd5 Rb8 26. d6 Ne8 27. Qb4 Qb6 28. Bd5+ Kh8 29. Ne4 Rc8 30. a4 Qd4 1/2-1/2

[Event "Leipzig VfB op 22nd"]
[Site "Leipzig"]
[Date "2015.03.07"]
[Round "8"]
[White "Nuelken, Michael"]
[Black "Alvermann, Christian"]
[Result "0-1"]
[WhiteElo "1543"]
[BlackElo "1807"]
[PlyCount "50"]
[EventDate "2015.03.03"]
[EventType "swiss"]
[EventRounds "9"]
[EventCountry "GER"]
[SourceTitle "EXT 2016"]
[Source "ChessBase"]
[SourceDate "2015.10.08"]
[SourceVersion "1"]
[SourceVersionDate "2015.10.08"]
[SourceQuality "1"]

1. d4 Nf6 2. c4 g6 3. Nc3 Bg7 4. e4 d6 5. Be2 0-0 6. Nf3 Nfd7 7. Qc2 e5 8. d5 a5 9. Be3 Na6 10. Qd2 Ndc5 11. Bh6 f5 12. Bxg7 Kxg7 13. h4 h6 14. Bd3 Nb4 15. Bc2 fxe4 16. Ng1 Ncd3+ 17. Bxd3 Nxd3+ 18. Kf1 Rxf2+ 19. Qxf2 Nxf2 20. Kxf2 Qf6+ 21. Ke1 Qf4 22. Nge2 Qe3 23. Rh3 Bxh3 24. gxh3 Rf8 25. Nd1 Qxh3 0-1

[Event "Leipzig VfB op 22nd"]
[Site "Leipzig"]
[Date "2015.03.06"]
[Round "6"]
[White "Nuelken, Michael"]
[Black "Dehning Busse, Karsten"]
[Result "1/2-1/2"]
[WhiteElo "1543"]
[BlackElo "1796"]
[PlyCount "104"]
[EventDate "2015.03.03"]
[EventType "swiss"]
[EventRounds "9"]
[EventCountry "GER"]
[SourceTitle "EXT 2016"]
[Source "ChessBase"]
[SourceDate "2015.10.08"]
[SourceVersion "1"]
[SourceVersionDate "2015.10.08"]
[SourceQuality "1"]

1. d4 d6 2. c4 Nf6 3. Nc3 g6 4. e4 Bg7 5. Qc2 0-0 6. Be2 e5 7. dxe5 dxe5 8. Bg5 c6 9. Nf3 Qc7 10. Bxf6 Bxf6 11. 0-0 Bg4 12. Ne1 Bxe2 13. Qxe2 Bg7 14. Nf3 Na6 15. Rab1 Nc5 16. b4 Ne6 17. Qc2 Rfd8 18. Ne2 Rd7 19. Rbd1 Rad8 20. Qb1 Rxd1 21. Rxd1 Rd7 22. Rf1 Qd8 23. g3 Bf6 24. Kh1 Ng5 25. Neg1 Nxf3 26. Nxf3 Bg7 27. a4 Qf6 28. Ng1 Qd6 29. Ne2 Qd3 30. Qxd3 Rxd3 31. Kg2 Bf8 32. Rb1 f5 33. exf5 gxf5 34. b5 cxb5 35. Rxb5 f4 36. gxf4 exf4 37. Nxf4 Rd4 38. Ne6 Rd7 39. a5 Ba3 40. c5 a6 41. Rb3 Bc1 42. Rf3 h6 43. Rf8+ Kh7 44. Rc8 Re7 45. Nd4 Bd2 46. c6 Bxa5 47. Rb8 bxc6 48. Nxc6 Rg7+ 49. Kf1 Bc7 50. Ra8 Bxh2 51. Rxa6 Rg6 52. Ra7+ Rg7 1/2-1/2

[Event "Leipzig VfB op 22nd"]
[Site "Leipzig"]
[Date "2015.03.05"]
[Round "5"]
[White "Hofmann, Helge"]
[Black "Nuelken, Michael"]
[Result "1/2-1/2"]
[WhiteElo "1787"]
[BlackElo "1543"]
[PlyCount "109"]
[EventDate "2015.03.03"]
[EventType "swiss"]
[EventRounds "9"]
[EventCountry "GER"]
[SourceTitle "EXT 2016"]
[Source "ChessBase"]
[SourceDate "2015.10.08"]
[SourceVersion "1"]
[SourceVersionDate "2015.10.08"]
[SourceQuality "1"]

1. e4 c6 2. d4 d5 3. Nc3 dxe4 4. Nxe4 Bf5 5. Ng3 Bg6 6. h4 h6 7. h5 Bh7 8. Nf3 Nd7 9. Bd3 Bxd3 10. Qxd3 e6 11. Qe2 Ngf6 12. Bd2 Qb6 13. 0-0-0 0-0-0 14. Qe1 Qa6 15. Kb1 Bd6 16. Ne5 Bxe5 17. dxe5 Nd5 18. f4 f5 19. Ne2 Kb8 20. Nd4 c5 21. Ne2 Rc8 22. Rh3 Qc6 23. Rg3 Rhg8 24. Rc1 N7b6 25. b3 Qe8 26. c4 Ne7 27. Rh3 Rc6 28. Rd1 g6 29. hxg6 Rxg6 30. Qf1 Rc8 31. Bc1 Qc6 32. Rg3 Qe8 33. Rdd3 a5 34. Rxg6 Nxg6 35. Nc3 Ne7 36. Nb5 Rd8 37. Qd1 Nc6 38. Be3 Rxd3 39. Qxd3 Nd4 40. Bxd4 Qd8 41. Nd6 cxd4 42. Qxd4 Nc8 43. Nb5 Qe7 44. c5 Qe8 45. a4 Qc6 46. Qf2 Qd5 47. Kb2 Ne7 48. Nc3 Qc6 49. g3 Nd5 50. Nxd5 Qxd5 51. Kc3 Kc7 52. Qe3 Kc6 53. b4 axb4+ 54. Kxb4 Qh1 55. Qc3 1/2-1/2

[Event "Leipzig VfB op 22nd"]
[Site "Leipzig"]
[Date "2015.03.03"]
[Round "1"]
[White "Ter Horst, Carsten"]
[Black "Nuelken, Michael"]
[Result "1-0"]
[WhiteElo "1951"]
[BlackElo "1543"]
[PlyCount "67"]
[EventDate "2015.03.03"]
[EventType "swiss"]
[EventRounds "9"]
[EventCountry "GER"]
[SourceTitle "EXT 2016"]
[Source "ChessBase"]
[SourceDate "2015.10.08"]
[SourceVersion "1"]
[SourceVersionDate "2015.10.08"]
[SourceQuality "1"]

1. d4 d5 2. Nf3 Nc6 3. Bf4 e6 4. e3 Be7 5. c4 Nf6 6. Nc3 Bb4 7. Bd3 dxc4 8. Bxc4 Ne4 9. Qc2 Nxc3 10. bxc3 Be7 11. 0-0 0-0 12. Rab1 b6 13. Rfd1 Na5 14. Bd3 f5 15. c4 Bd7 16. Ne5 Be8 17. d5 Bg5 18. dxe6 Qf6 19. Nd7 Bxd7 20. exd7 Bxf4 21. exf4 Rad8 22. Rb5 Qe7 23. Bxf5 Rxf5 24. Qxf5 Nxc4 25. Qd5+ Qf7 26. Re1 Nd6 27. Qxf7+ Kxf7 28. Rbe5 Rxd7 29. g4 g6 30. h4 Nc4 31. Re8 Nd6 32. R8e6 c5 33. g5 Kg7 34. Rd1 1-0

[Event "Leipzig VfB op 21st"]
[Site "Leipzig"]
[Date "2014.03.07"]
[Round "6"]
[White "Nuelken, Michael"]
[Black "Vorreiter, Heiko"]
[Result "0-1"]
[WhiteElo "1531"]
[BlackElo "1550"]
[PlyCount "98"]
[EventDate "2014.03.04"]
[EventType "tourn"]
[EventRounds "9"]
[EventCountry "GER"]
[SourceTitle "CBM 159 Extra"]
[Source "ChessBase"]
[SourceDate "2014.04.24"]
[SourceVersion "1"]
[SourceVersionDate "2014.04.24"]
[SourceQuality "1"]

1. d4 d5 2. c4 e6 3. Nc3 Nf6 4. e3 Be7 5. Nf3 0-0 6. Qc2 Nc6 7. a3 h6 8. cxd5 exd5 9. Bd3 Re8 10. 0-0 a6 11. Bd2 Bd6 12. e4 dxe4 13. Nxe4 Bg4 14. Ne5 Nxe5 15. Nxf6+ Qxf6 16. dxe5 Qxe5 17. g3 Bf3 18. Qb3 Qh5 19. Bg6 Qd5 20. Qxd5 Bxd5 21. Bh5 Re5 22. Bd1 Rae8 23. Be3 Bc6 24. Bg4 Bc5 25. Bxc5 Rxc5 26. Bh3 Rc2 27. b4 Ree2 28. Bf5 Ra2 29. h4 g6 30. Bd3 Red2 31. Bc4 Rab2 32. Rab1 b5 33. Bd3 Ra2 34. Rbd1 Rxd1 35. Rxd1 Rxa3 36. f4 Bf3 37. Rd2 Rb3 38. Kf2 Bg4 39. Ke1 Rxb4 40. Rc2 Rd4 41. Kd2 Bf5 42. Rc3 c5 43. Ke2 b4 44. Rb3 Be6 45. Rb1 Rd6 46. Ra1 c4 47. Bc2 b3 48. Rd1 b2 49. Rb1 c3 0-1

[Event "Rhein Main op-B 15th"]
[Site "Bad Homburg"]
[Date "2012.06.09"]
[Round "5"]
[White "Hafensteiner, Tim"]
[Black "Nuelken, Michael"]
[Result "0-1"]
[WhiteElo "957"]
[BlackElo "1494"]
[PlyCount "38"]
[EventDate "2012.06.06"]
[EventType "swiss"]
[EventRounds "7"]
[EventCountry "GER"]
[SourceTitle "EXT 2013"]
[Source "ChessBase"]
[SourceDate "2012.11.22"]
[SourceVersion "1"]
[SourceVersionDate "2012.11.22"]
[SourceQuality "1"]

1. c4 c5 2. Nc3 Nf6 3. g3 e6 4. e3 d5 5. Nge2 dxc4 6. Qa4+ Bd7 7. Qxc4 Nc6 8. Qb3 Rb8 9. Bg2 Na5 10. Qc2 Nc6 11. 0-0 Nb4 12. Qd1 Nd3 13. Ne4 Be7 14. Qc2 Bb5 15. b3 Nxc1 16. Nxc1 Bxf1 17. Bxf1 0-0 18. Nxc5 Rc8 19. d4 b6 0-1

[Event "Rhein Main op-B 15th"]
[Site "Bad Homburg"]
[Date "2012.06.09"]
[Round "6"]
[White "Nuelken, Michael"]
[Black "Peschk, Kathrin"]
[Result "1-0"]
[WhiteElo "1494"]
[BlackElo "950"]
[PlyCount "47"]
[EventDate "2012.06.06"]
[EventType "swiss"]
[EventRounds "7"]
[EventCountry "GER"]
[SourceTitle "EXT 2013"]
[Source "ChessBase"]
[SourceDate "2012.11.22"]
[SourceVersion "1"]
[SourceVersionDate "2012.11.22"]
[SourceQuality "1"]

1. d4 d5 2. c4 c6 3. cxd5 cxd5 4. e3 Nc6 5. Bd2 Nf6 6. Nc3 Bf5 7. Bb5 Rc8 8. Nf3 e6 9. h3 Bd6 10. Nh4 Bg6 11. Nxg6 fxg6 12. Qe2 0-0 13. Bxc6 Rxc6 14. a3 Qc8 15. 0-0 Ne4 16. Nxe4 dxe4 17. Qg4 Re8 18. Qxe4 e5 19. Qd5+ Qe6 20. Qxe6+ Rxe6 21. d5 Rc2 22. dxe6 Rxd2 23. Rad1 Rxd1 24. Rxd1 1-0

[Event "Leipzig VfB op 19th"]
[Site "Leipzig"]
[Date "2012.03.11"]
[Round "9"]
[White "Manthey, Wolfgang"]
[Black "Nuelken, Michael"]
[Result "1-0"]
[WhiteElo "1572"]
[BlackElo "1512"]
[PlyCount "95"]
[EventDate "2012.03.06"]
[EventType "swiss"]
[EventRounds "9"]
[EventCountry "GER"]
[SourceTitle "CBM 147 Extra"]
[Source "ChessBase"]
[SourceDate "2012.04.24"]
[SourceVersion "1"]
[SourceVersionDate "2012.04.24"]
[SourceQuality "1"]

1. d4 d5 2. Nf3 e6 3. e3 Nf6 4. Bd3 Nc6 5. 0-0 Be7 6. a3 0-0 7. Nbd2 Bd6 8. c4 b6 9. b4 dxc4 10. Nxc4 Ne7 11. e4 Bxh2+ 12. Kxh2 Ng6 13. Rh1 Qd7 14. Kg1 c5 15. Bb2 Ba6 16. Nce5 Nxe5 17. Nxe5 Qb7 18. b5 Bxb5 19. Bxb5 cxd4 20. Bc6 Qc7 21. Bxa8 Qxe5 22. Qxd4 Qxd4 23. Bxd4 e5 24. Bxe5 Rxa8 25. Bxf6 gxf6 26. Rc1 Re8 27. f3 Re5 28. g4 Ra5 29. Rc3 b5 30. Rh5 a6 31. Kf2 Ra4 32. Ke3 Kg7 33. Rhc5 b4 34. R5c4 a5 35. axb4 axb4 36. Rb3 Ra5 37. Rcxb4 h5 38. Rb5 Rxb5 39. Rxb5 hxg4 40. fxg4 Kg6 41. Kf4 Kh6 42. Rb6 Kg7 43. Kf5 Kh7 44. Rxf6 Kg7 45. g5 Kg8 46. g6 fxg6+ 47. Kxg6 Kh8 48. Rf8# 1-0

[Event "Leipzig VfB op 19th"]
[Site "Leipzig"]
[Date "2012.03.08"]
[Round "4"]
[White "Nuelken, Michael"]
[Black "Ortlepp, Konstanze"]
[Result "1-0"]
[WhiteElo "1512"]
[BlackElo "1017"]
[PlyCount "129"]
[EventDate "2012.03.06"]
[EventType "swiss"]
[EventRounds "9"]
[EventCountry "GER"]
[SourceTitle "CBM 147 Extra"]
[Source "ChessBase"]
[SourceDate "2012.04.24"]
[SourceVersion "1"]
[SourceVersionDate "2012.04.24"]
[SourceQuality "1"]

1. d4 d5 2. c4 c6 3. cxd5 cxd5 4. e3 Nf6 5. Nc3 Nc6 6. Be2 Bf5 7. a3 e6 8. Nf3 Bd6 9. Bd3 Bxd3 10. Qxd3 0-0 11. 0-0 e5 12. dxe5 Nxe5 13. Nxe5 Bxe5 14. Ne2 Bxh2+ 15. Kh1 Be5 16. Qf5 Re8 17. f4 Bc7 18. Ng3 Bb6 19. Rf3 Rc8 20. Bd2 Rc2 21. Qxc2 Qe7 22. Nf5 Qd8 23. Rg3 g6 24. Bc3 a5 25. Bxf6 Qxf6 26. Nh6+ Kg7 27. Nf5+ Kg8 28. Re1 Kf8 29. Qc3 Qxf5 30. Qh8+ Ke7 31. Qxh7 Qh5+ 32. Qxh5 gxh5 33. Rg5 h4 34. Rxd5 Kf6 35. Rd6+ Re6 36. Rxe6+ fxe6 37. Kh2 Kf5 38. Kh3 Bd8 39. Rc1 Bf6 40. Rc5+ Ke4 41. Rxa5 Kxe3 42. Rb5 Kxf4 43. Rxb7 e5 44. Rf7 Kg5 45. g3 hxg3 46. Kxg3 e4 47. Rxf6 Kxf6 48. Kf4 e3 49. Kxe3 Ke5 50. Kd3 Kd5 51. Kc3 Kc5 52. a4 Kb6 53. b4 Ka6 54. Kc4 Kb6 55. a5+ Ka6 56. Kc5 Ka7 57. Kb5 Kb7 58. a6+ Ka7 59. Ka5 Kb8 60. Kb6 Ka8 61. b5 Kb8 62. Kc6 Ka8 63. Kc7 Ka7 64. b6+ Ka8 65. b7+ 1-0

[Event "Leipzig VfB op 19th"]
[Site "Leipzig"]
[Date "2012.03.07"]
[Round "2"]
[White "Herfurth, Thomas"]
[Black "Nuelken, Michael"]
[Result "1-0"]
[WhiteElo "1884"]
[BlackElo "1512"]
[PlyCount "78"]
[EventDate "2012.03.06"]
[EventType "swiss"]
[EventRounds "9"]
[EventCountry "GER"]
[SourceTitle "CBM 147 Extra"]
[Source "ChessBase"]
[SourceDate "2012.04.24"]
[SourceVersion "1"]
[SourceVersionDate "2012.04.24"]
[SourceQuality "1"]

1. Nc3 c6 2. e4 d5 3. f4 dxe4 4. Nxe4 e6 5. Nf3 Nf6 6. Neg5 h6 7. Nh3 Be7 8. Bc4 b5 9. Bb3 Nbd7 10. d4 Nd5 11. 0-0 N7f6 12. Nf2 Qc7 13. Nd3 c5 14. dxc5 Bxc5+ 15. Nxc5 Qxc5+ 16. Qd4 Qc7 17. a4 b4 18. Bd2 0-0 19. Bxb4 Nxb4 20. Qxb4 Ba6 21. Rfe1 Rab8 22. Qd4 Rfd8 23. Qe5 Qb6+ 24. Qe3 Qc7 25. h3 Nd5 26. Qe5 Qc5+ 27. Kh2 Rb4 28. Re4 Rxe4 29. Qxe4 Qf2 30. Rd1 Qb6 31. Qd4 Qc7 32. c4 Qb8 33. Ba2 Qb4 34. cxd5 Qxd4 35. Rxd4 Be2 36. dxe6 Rxd4 37. exf7+ Kf8 38. Nxd4 Bh5 39. Nc6 Bxf7 1-0

[Event "Leipzig VfB op 18th"]
[Site "Leipzig"]
[Date "2011.03.24"]
[Round "5"]
[White "Nuelken, Michael"]
[Black "Bergert, Bernd"]
[Result "1-0"]
[WhiteElo "1248"]
[BlackElo "1163"]
[PlyCount "111"]
[EventDate "2011.03.20"]
[EventType "swiss"]
[EventRounds "9"]
[EventCountry "GER"]
[SourceTitle "CBM 141 Extra"]
[Source "ChessBase"]
[SourceDate "2011.05.03"]
[SourceVersion "1"]
[SourceVersionDate "2011.05.03"]
[SourceQuality "1"]

1. d4 Nf6 2. c4 g6 3. Nc3 Bg7 4. e3 0-0 5. Bd3 d6 6. h3 a6 7. Nf3 e6 8. Qc2 Nc6 9. 0-0 Nb4 10. Qd1 Nxd3 11. Qxd3 c6 12. Qc2 b5 13. cxb5 cxb5 14. Bd2 Bb7 15. e4 Rc8 16. Qd3 b4 17. Ne2 a5 18. Ng3 Qb6 19. Rfe1 Ba6 20. Qb3 Bc4 21. Qd1 Nd7 22. Be3 d5 23. b3 Ba6 24. Qd2 f6 25. exd5 exd5 26. Bh6 Rfe8 27. Bxg7 Kxg7 28. Rxe8 Rxe8 29. h4 Qb5 30. h5 g5 31. Nf5+ Kf8 32. Ne3 Nb6 33. Qc2 Re7 34. Qf5 Rf7 35. Rc1 Qd7 36. Qc2 Qc8 37. Qb1 Rc7 38. Rxc7 Qxc7 39. Qe1 Qc3 40. Nd2 Qb2 41. Nf5 Be2 42. Qxe2 Qc1+ 43. Kh2 Qc7+ 44. g3 Qd7 45. Qf3 a4 46. h6 axb3 47. axb3 Nc8 48. Ne3 Ke7 49. Nxd5+ Ke6 50. Qe4+ Kd6 51. Nc4+ Kc6 52. Nxb4+ Kb5 53. Nd3 Nb6 54. Na3+ Ka5 55. Qe1+ Ka6 56. Nc5+ 1-0

[Event "Leipzig VfB op 18th"]
[Site "Leipzig"]
[Date "2011.03.22"]
[Round "1"]
[White "Nuelken, Michael"]
[Black "Hiller, Wieland"]
[Result "0-1"]
[WhiteElo "1248"]
[BlackElo "1937"]
[PlyCount "90"]
[EventDate "2011.03.20"]
[EventType "swiss"]
[EventRounds "9"]
[EventCountry "GER"]
[SourceTitle "CBM 141 Extra"]
[Source "ChessBase"]
[SourceDate "2011.05.03"]
[SourceVersion "1"]
[SourceVersionDate "2011.05.03"]
[SourceQuality "1"]

1. d4 Nf6 2. c4 e6 3. Nc3 Bb4 4. e3 0-0 5. a3 Bxc3+ 6. bxc3 c5 7. Nf3 d6 8. Bd3 Nc6 9. e4 e5 10. d5 Ne7 11. h3 Ne8 12. 0-0 h6 13. Be3 f5 14. exf5 Bxf5 15. Bxf5 Nxf5 16. Nd2 Nf6 17. Qc2 Qd7 18. Ne4 Rf7 19. Rae1 Raf8 20. Nxf6+ Rxf6 21. Qe4 Qf7 22. Qb1 Qh5 23. Qd1 Qg6 24. Qg4 Qf7 25. Qd1 Nh4 26. Kh1 Rg6 27. Rg1 Qf5 28. Qb1 Qf7 29. Qe4 Nf5 30. Qb1 b6 31. Ref1 Rf6 32. Qe1 Qd7 33. Qe2 Qa4 34. Bc1 Qe8 35. Be3 Qf7 36. Qd1 Nxe3 37. Qe2 Nxf1 38. Rxf1 Rxf2 39. Rxf2 Qxf2 40. Qg4 Qf1+ 41. Kh2 Qf4+ 42. Qxf4 Rxf4 43. Kg3 Rf1 44. Kh2 e4 45. g4 e3 0-1

[Event "Leipzig VfB op 16th"]
[Site "Leipzig"]
[Date "2009.04.04"]
[Round "8"]
[White "Nuelken, Michael"]
[Black "Hoffmann, Jakob"]
[Result "1-0"]
[WhiteElo "1189"]
[BlackElo "1191"]
[PlyCount "47"]
[EventDate "2009.03.31"]
[EventType "swiss"]
[EventRounds "9"]
[EventCountry "GER"]
[SourceTitle "EXT 2010"]
[Source "ChessBase"]
[SourceDate "2010.11.25"]
[SourceVersion "1"]
[SourceVersionDate "2010.11.25"]
[SourceQuality "1"]

1. d4 Nf6 2. c4 g6 3. Nc3 Bg7 4. Nf3 0-0 5. e3 d6 6. Bd3 Nc6 7. a3 e5 8. d5 Ne7 9. e4 c6 10. 0-0 h6 11. h3 Kh7 12. Be3 c5 13. Qc2 a6 14. Nh4 Nh5 15. g4 Nf4 16. Bxf4 exf4 17. f3 Bxc3 18. bxc3 Nxd5 19. Nxg6 fxg6 20. exd5 Qh4 21. Bxg6+ Kg7 22. Bh5 Qxh3 23. Qg6+ Kh8 24. Qxh6+ 1-0

[Event "Leipzig VfB op 16th"]
[Site "Leipzig"]
[Date "2009.04.03"]
[Round "6"]
[White "Nuelken, Michael"]
[Black "Mueller, Marius"]
[Result "0-1"]
[WhiteElo "1189"]
[BlackElo "1708"]
[PlyCount "64"]
[EventDate "2009.03.31"]
[EventType "swiss"]
[EventRounds "9"]
[EventCountry "GER"]
[SourceTitle "EXT 2010"]
[Source "ChessBase"]
[SourceDate "2010.11.25"]
[SourceVersion "1"]
[SourceVersionDate "2010.11.25"]
[SourceQuality "1"]

1. d4 d5 2. c4 e6 3. Nc3 c6 4. cxd5 exd5 5. a4 Bd6 6. e3 f5 7. Bd3 Nf6 8. h3 0-0 9. Nge2 Ne4 10. Bxe4 fxe4 11. Nf4 Na6 12. 0-0 Nb4 13. Nce2 g5 14. Nh5 Nd3 15. f3 Nxc1 16. Rxc1 exf3 17. Rxf3 Rxf3 18. gxf3 Bxh3 19. e4 dxe4 20. Qb3+ Kf8 21. fxe4 Qc8 22. Nf6 Kg7 23. e5 Be7 24. Qg3 Bxf6 25. exf6+ Kxf6 26. Qe5+ Kg6 27. Rc3 Qe6 28. Qh2 Bg4 29. Rc2 Qe3+ 30. Kf1 Rf8+ 31. Ke1 Bxe2 32. Qxe2 Qg1+ 0-1

[Event "Leipzig VfB op 16th"]
[Site "Leipzig"]
[Date "2009.04.01"]
[Round "2"]
[White "Nuelken, Michael"]
[Black "Schomann, Michael"]
[Result "0-1"]
[WhiteElo "1189"]
[BlackElo "1787"]
[PlyCount "64"]
[EventDate "2009.03.31"]
[EventType "swiss"]
[EventRounds "9"]
[EventCountry "GER"]
[SourceTitle "EXT 2010"]
[Source "ChessBase"]
[SourceDate "2010.11.25"]
[SourceVersion "1"]
[SourceVersionDate "2010.11.25"]
[SourceQuality "1"]

1. d4 d5 2. c4 e6 3. Nc3 Nf6 4. e3 g6 5. Nf3 Bg7 6. cxd5 exd5 7. h3 c6 8. Bd3 0-0 9. 0-0 Re8 10. Bd2 Be6 11. b4 a6 12. Qc2 Nbd7 13. Rae1 Nb6 14. Ng5 Qd7 15. Nxe6 Rxe6 16. f4 Rae8 17. Rf3 Ne4 18. Ref1 f5 19. Bxe4 dxe4 20. Rg3 Nd5 21. Nxd5 cxd5 22. Qd1 Bf6 23. Kf2 Bh4 24. Rh1 Qd6 25. Be1 Bxg3+ 26. Kxg3 g5 27. Bd2 gxf4+ 28. Kf2 fxe3+ 29. Bxe3 Rg6 30. Qd2 Qg3+ 31. Kf1 Rc8 32. h4 Rc1+ 0-1